Normal view
MARC view
- لجنة معايير المحاسبة الدولية ؛ ترجمة جمعية المجتمع العربي للمحاسبين القانونيين الاردن
Entry Personal Name
001 - CONTROL NUMBER
- control field: 28469
003 - CONTROL NUMBER IDENTIFIER
- control field: JO-AjAnu
005 - DATE AND TIME OF LATEST TRANSACTION
- control field: 20230606074826.0
008 - FIXED-LENGTH DATA ELEMENTS
- fixed length control field: 230606|| aca||aabn | a|a d
040 ## - CATALOGING SOURCE
- Original cataloging agency: JO-AjAnu
- Transcribing agency: JO-AjAnu
100 ## - HEADING--PERSONAL NAME
- Personal name: لجنة معايير المحاسبة الدولية ؛ ترجمة جمعية المجتمع العربي للمحاسبين القانونيين الاردن
670 ## - SOURCE DATA FOUND
- Source citation: Work cat.: (JO-AjAnu)14614: لجنة معايير المحاسبة الدولية ؛ ترجمة جمعية المجتمع العربي للمحاسبين القانونيين الاردن, author, معايير المحاسبة الدولية 2001: النص الكامل لكافة معايير المحاسبة الدولية والتفسيرات الصادرة عن لجنة التفسيرات الدائمة القائمة في 1 يناير 2001